Indiquez la profession des parents ! 10 - Statistiques

Statistiques générales
  • Ce quiz a été pris 6 fois
  • Le résultat moyen est 2 sur 20
Statistiques - réponses
Hint Réponse % Correct
Jean Richard Marchand de chevaux
40%
Patrick Préjean Acteurs
20%
Gérard Philippe Avocat
20%
Claude Piéplu Cuisinier
20%
Dominique Paturel Directeur des Allocations Familiales
20%
Jean Piat Industriel
20%
Jean-Pierre Marielle Industriel
20%
Bruno Podalydès Pharmacien / Professeur
20%
Raymond Pellegrin Restaurateur
20%
François Morel Cheminot / Sténodactylographe
0%
François Maistre Comédien
0%
Pierre Mondy Directeur d'externat / Econome
0%
Robin Renucci Gendarme/ Couturière
0%
Claude Rich Ingénieur
0%
Christophe Malavoy Officier
0%
Jean-Pierre Mocky Officier à titre étranger en France
0%
Thibault de Montalembert Officier - Entrepreneur
0%
Jean Poiret Ouvrier-verrier / Aide-comptable
0%
Roger Planchon Plongeur / Femme de chambre
0%
Jean Marais Vétérinaire
0%
Aucun quiz correspondant
Distribution des résultats
% des personnes avec chaque résultat
Percentile par nombre de réponses
Votre historique - résultats
Vous n’avez pas pris ce quiz